| 000 | 00902cam a22002532 4500 | ||
|---|---|---|---|
| 001 | 0000001714 | ||
| 005 | 20151217151825.0 | ||
| 008 | 070322s xx 000 0 eng d | ||
| 020 |
_a0471858072 : _cKES $ 19.95 |
||
| 040 |
_aKABU _cKABU |
||
| 050 | 0 |
_aHD31 _b.B73 1984 |
|
| 100 | 1 |
_aBradford, David L. _@0000150686 |
|
| 245 | 1 | 0 |
_aManaging for excellence : _bthe guide to developing high performance in contemporary organizations / _cDavid L. Bradford, Allan R. Cohen. |
| 260 |
_aNew York : _bJohn Wiley & Sons, _cc1984. |
||
| 300 |
_axii, 301 p. ; _c23 cm. |
||
| 650 | 0 |
_aManagement. _@0000083920 |
|
| 650 | 0 |
_aLeadership. _@0000150687 |
|
| 700 | 1 |
_aCohen, Allan R. _@0000150688 |
|
| 908 | _a070322 | ||
| 950 | _@1 | ||
| 999 |
_c5405 _d5405 |
||